[Event "Chigorin Memorial 30th"]
[Site "St Petersburg"]
[Date "2023.10.25"]
[Round "5"]
[White "Kudryavtsev, Kirill"]
[Black "Budyonny, Fedor"]
[Result "1/2-1/2"]
[WhiteElo "1000"]
[BlackElo "1171"]
[PlyCount "81"]
[EventDate "2023.10.21"]
[EventType "swiss"]
[EventRounds "9"]
[EventCountry "RUS"]
[SourceTitle "Mega2024 Update 01"]
[Source "Chessbase"]
[SourceDate "2023.11.12"]
[SourceVersion "1"]
[SourceVersionDate "2023.11.12"]
[SourceQuality "1"]

1. d4 Nf6 2. c4 c5 3. e3 cxd4 4. exd4 d5 5. Nf3 dxc4 6. Bxc4 e6 7. 0-0 Be7 8. Nc3 0-0 9. Ne5 Nc6 10. Bf4 Nxd4 11. Nb5 Nxb5 12. Bxb5 Qd5 13. Qxd5 Nxd5 14. Bg3 Bf6 15. Rad1 Rd8 16. h4 a6 17. Ba4 b5 18. Bb3 Bb7 19. a4 Rac8 20. Rc1 Ne7 21. Rfd1 Nf5 22. Rxd8+ Rxd8 23. Rc7 Nxg3 24. Nxf7 Re8 25. Nd6 Re7 26. Rxb7 Rxb7 27. Bxe6+ Kf8 28. Nxb7 Ne2+ 29. Kf1 Nd4 30. Nc5 Nxe6 31. Nxe6+ Ke7 32. Nc5 Bxb2 33. axb5 axb5 34. Ke2 Kd6 35. Ne4+ Kd5 36. Kd3 Bf6 37. h5 h6 38. f3 b4 39. Nd2 Ke5 40. g3 Kd5 41. Nb3 1/2-1/2

[Event "Chigorin Memorial 30th"]
[Site "St Petersburg"]
[Date "2023.10.24"]
[Round "4"]
[White "Simkin, Alexander"]
[Black "Kudryavtsev, Kirill"]
[Result "1-0"]
[WhiteElo "1386"]
[BlackElo "1000"]
[PlyCount "67"]
[EventDate "2023.10.21"]
[EventType "swiss"]
[EventRounds "9"]
[EventCountry "RUS"]
[SourceTitle "Mega2024 Update 01"]
[Source "Chessbase"]
[SourceDate "2023.11.12"]
[SourceVersion "1"]
[SourceVersionDate "2023.11.12"]
[SourceQuality "1"]

1. d4 Nf6 2. Nf3 e6 3. e3 c5 4. Bd3 Nc6 5. 0-0 d5 6. c3 c4 7. Bc2 Bd6 8. Nbd2 0-0 9. e4 dxe4 10. Nxe4 Nxe4 11. Bxe4 Bd7 12. Qe2 Na5 13. Ng5 f5 14. Bc2 Qc7 15. h3 Bh2+ 16. Kh1 Bf4 17. Bxf4 Qxf4 18. Nxe6 Bxe6 19. Qxe6+ Kh8 20. Rae1 g6 21. Qe5+ Qxe5 22. Rxe5 b6 23. Rfe1 Nc6 24. R5e3 Rac8 25. Ba4 Nd8 26. Re7 Ra8 27. Rd7 Nf7 28. Ree7 Kg7 29. Bc6 Rad8 30. Rxf7+ Rxf7 31. Rxd8 Re7 32. Rd7 Kf6 33. Rxe7 Kxe7 34. Bb5 1-0